FC Internazionale Milano Players - Statistics

General Stats
  • This quiz has been taken 67 times
  • The average score is 9 of 16
Answer Stats
Picture Answer % Correct
Luís Figo
88%
Christian Vieri
85%
Borja Valero
78%
Andrea Ranocchia
65%
Stefan de Vrij
63%
Cristian Chivu
62%
Antonio Candreva
60%
Gary Medel
58%
Dejan Stanković
57%
Roberto Gagliardini
57%
Aleksandar Kolarov
43%
Juan Jesus
43%
Julio Cruz
40%
Cristiano Zanetti
27%
Luigi Di Biagio
27%
Wim Jonk
3%
No matching quizzes found
Score Distribution
Percent of People with Each Score
Percentile by Number Answered
Your Score History
You have not taken this quiz